Que nunca se sepa : el intento de asesinato de Díaz Ordaz y la brutal respuesta del Estado mexicano /

Enregistré dans:
Détails bibliographiques
Auteur principal: Cossío Díaz, José Ramón (autor)
Format: Livre
Langue:espagnol
Publié: México : Debate, 2023, c2023
Collection:(Debate Historia)
Sujets:
Tags: Ajouter un tag
Pas de tags, Soyez le premier à ajouter un tag!

MARC

LEADER 00000nam^a2200000^a^4500
001 000621991
005 20250930181528.0
009 20260310133909.576
020 |a 978-607-38-3343-1 
037 |a Acervo ITESO - Biblioteca 
041 |a ESP 
082 |a 320. 9720635  |b COS 
100 |a Cossío Díaz, José Ramón  |e (autor) 
245 1 0 |a Que nunca se sepa :  |b el intento de asesinato de Díaz Ordaz y la brutal respuesta del Estado mexicano /  |c J.R. Cossío Díaz. 
264 4 |a México :  |b Debate,  |c 2023, c2023 
300 |a 172, [16] p. 
336 |a texto  |b txt  |2 rdacontenido 
337 |a sin mediación  |b n  |2 rdamedio 
338 |a volumen  |b nc  |2 rdasoporte 
440 1 |a (Debate Historia) 
649 |a XX 
650 |a Jefes de Estado Mexicanos 
650 |a Políticos Mexicanos 
650 |a Presos Políticos Mexicanos 
650 |a Asesinato Político -  |z México -  |x Historia -  |y 1964-1970 
650 |a Violencia Política -  |z México -  |x Historia -  |y 1964-1970 
650 |a Política -  |z México -  |x Historia -  |y 1964-1970 -  |x Tema Principal 
650 |a Política -  |z México -  |x Historia -  |y Siglo XX 
650 |a México -  |x Historia -  |y 1964-1970 
650 |a México -  |x Historia -  |y Siglo XX 
650 |a Castañeda de la Fuente, Carlos -  |x Tema Principal 
650 |a Díaz Ordaz, Gustavo -  |x Tema Principal 
910 |a Fondo General 
920 |a Impresos - Libros 
930 |a Colección General 
905 |a 101 
901 |a 621991-10  |b IT1  |c ACC  |i C190639  |u 20250929 
902 |a https://opac.biblio.iteso.mx/vufind/Record/000621991